<?xml version="1.0" encoding="UTF-8"?>
<marc:record xmlns:marc="http://www.loc.gov/MARC21/slim">
   <marc:leader>00000nam a2200000 a 4500</marc:leader>
   <marc:datafield ind1="1" ind2=" " tag="100">
      <marc:subfield code="a">Hunter, Erin</marc:subfield>
      <marc:subfield code="4">aut</marc:subfield>
      <marc:subfield code="e">Verfasser/-in</marc:subfield>
   </marc:datafield>
   <marc:datafield ind1="1" ind2=" " tag="100">
      <marc:subfield code="a">Weimann, Klaus</marc:subfield>
   </marc:datafield>
   <marc:datafield ind1="0" ind2="0" tag="245">
      <marc:subfield code="a">Gelbzahns Geheimnis</marc:subfield>
   </marc:datafield>
   <marc:datafield ind1="0" ind2="0" tag="245">
      <marc:subfield code="c">Erin Hunter. Aus dem Engl. von Klaus Weinmann</marc:subfield>
   </marc:datafield>
   <marc:datafield ind1=" " ind2="1" tag="264">
      <marc:subfield code="a">Weinheim</marc:subfield>
      <marc:subfield code="b">Beltz &amp; Gelberg</marc:subfield>
      <marc:subfield code="c">2015</marc:subfield>
   </marc:datafield>
   <marc:datafield ind1="1" ind2=" " tag="490">
      <marc:subfield code="a">Warrior Cats - Special Adventure</marc:subfield>
   </marc:datafield>
   <marc:datafield ind1=" " ind2=" " tag="250">
      <marc:subfield code="a">1.</marc:subfield>
   </marc:datafield>
   <marc:datafield ind1="1" ind2=" " tag="520">
      <marc:subfield code="a">»Eine finstere Kraft ist unterwegs. Und sie wird von einer Heiler-Katze aus dem SchattenClan gebracht werden.« Die junge Gelbpfote hat sich voll und ganz dem SchattenClan verschrieben. Sie kann es kaum erwarten, endlich für ihre Gefährten zu kämpfen und Abenteuer zu bestehen. Als sie schließlich ihren Kriegernamen Gelbzahn erhält, wird ihr schmerzlich bewusst, dass ihre wahre Bestimmung die einer Heilerin ist. Ihre Treue zum Clan ist nach wie vor unangefochten, aber Gelbzahn trägt ein dunkles Geheimnis in sich, das sie auf Schritt und Tritt verfolgt, und das Leben aller Clans auszulöschen droht.</marc:subfield>
   </marc:datafield>
   <marc:datafield ind1=" " ind2=" " tag="020">
      <marc:subfield code="a">9783407812032</marc:subfield>
      <marc:subfield code="9">9783407812032</marc:subfield>
   </marc:datafield>
   <marc:datafield ind1=" " ind2=" " tag="020">
      <marc:subfield code="a">3407812035</marc:subfield>
      <marc:subfield code="9">3407812035</marc:subfield>
   </marc:datafield>
   <marc:datafield ind1=" " ind2=" " tag="300">
      <marc:subfield code="a">545 S. , Ill</marc:subfield>
   </marc:datafield>
</marc:record>
